[Event "Aeroflot Open Rapid Qualifier 2013"]
[Site "Moscow RUS"]
[Date "2013.02.12"]
[Round "1.3"]
[White "Charochkina, Daria"]
[Black "Korobov, Anton"]
[Result "0-1"]
[WhiteTitle "WGM"]
[BlackTitle "GM"]
[WhiteElo "2332"]
[BlackElo "2702"]
[WhiteFideId "4180917"]
[BlackFideId "14105730"]
[EventDate "2013.02.12"]

1. d4 Nf6 2. c4 g6 3. Nc3 Bg7 4. e4 d6 5. f4 O-O 6. Nf3 Bg4 7. Be2 Nfd7 8. O-O
c5 9. d5 Na6 10. h3 Bxf3 11. Bxf3 Nc7 12. Be3 a6 13. a4 Rb8 14. a5 b5 15. axb6
Rxb6 16. Qc2 Qb8 17. Ra2 Rb4 18. Na4 Bd4 19. Bxd4 cxd4 20. c5 d3 21. Qxd3 Rxa4
22. Rxa4 Nxc5 23. Qc2 Nxa4 24. Qxa4 Qb6+ 25. Kh1 Nb5 26. Be2 Rb8 27. Ra1 Nd4 28.
Bxa6 Nb3 29. Ra3 Nc5 30. Qc4 Qxb2 31. Rf3 Qa1+ 0-1

[Event "Aeroflot Open Rapid Qualifier 2013"]
[Site "Moscow RUS"]
[Date "2013.02.12"]
[Round "1.9"]
[White "Ageichenko, Genadi A"]
[Black "Khismatullin, Denis"]
[Result "0-1"]
[WhiteTitle "IM"]
[BlackTitle "GM"]
[WhiteElo "2288"]
[BlackElo "2655"]
[WhiteFideId "4105222"]
[BlackFideId "4142578"]
[EventDate "2013.02.12"]

1. d4 Nf6 2. Nf3 e6 3. c4 d5 4. Nc3 Bb4 5. cxd5 exd5 6. Bg5 h6 7. Bxf6 Qxf6 8.
Qb3 Qd6 9. e3 c6 10. Bd3 O-O 11. O-O Ba5 12. Ne5 Nd7 13. f4 Nf6 14. Rad1 Rb8 15.
Qa4 Bb6 16. b4 Qd8 17. Bb1 g6 18. Qb3 Kg7 19. Na4 Ne8 20. Nxb6 axb6 21. b5 Qd6
22. a4 Nf6 23. f5 g5 24. Rc1 Bd7 25. Rc3 c5 26. Qa3 Ra8 27. Bd3 Rfe8 28. Rfc1
Rxe5 29. dxe5 Qxe5 30. Be2 Bxf5 31. Qa1 d4 32. Ra3 Nd5 33. a5 Nxe3 34. axb6 Nc2
35. Rxc2 Qe3+ 0-1

[Event "Aeroflot Open Rapid Qualifier 2013"]
[Site "Moscow RUS"]
[Date "2013.02.12"]
[Round "1.10"]
[White "Eljanov, Pavel"]
[Black "Vasilevich, Irina"]
[Result "1-0"]
[WhiteTitle "GM"]
[BlackTitle "IM"]
[WhiteElo "2678"]
[BlackElo "2370"]
[WhiteFideId "14102951"]
[BlackFideId "4141296"]
[EventDate "2013.02.12"]

1. c4 Nf6 2. Nf3 e6 3. g3 d5 4. Bg2 dxc4 5. O-O a6 6. Qc2 Be7 7. Ne5 O-O 8. Nxc4
Ra7 9. a4 b6 10. Rd1 c5 11. d3 Bb7 12. e4 Nc6 13. Be3 Nd7 14. Nc3 Bf6 15. f4 Bd4
16. Qf2 Bxe3 17. Qxe3 Nd4 18. Qf2 Nb8 19. Kh1 Nbc6 20. e5 Nb4 21. Ne4 Bd5 22.
Ncd6 Kh8 23. Ra3 Rd7 24. a5 f5 25. Ng5 Bxg2+ 26. Qxg2 b5 27. Rc1 h6 28. Nf3 Nxf3
29. Qxf3 Rxd6 30. exd6 Qxd6 31. Qe3 Rc8 32. h4 Nd5 33. Qe5 Qc6 34. Kh2 Nf6 35.
Qe2 Qd5 36. Rac3 Ng4+ 37. Kh3 Kh7 38. Qg2 Qd4 39. Qf3 Qb4 40. R3c2 Rd8 41. Re2
Qb3 42. Rd2 c4 43. Rc3 Qa4 44. Qe2 Qa1 45. Kg2 Qxa5 46. Qxe6 b4 47. Rxc4 Qb5 48.
h5 Re8 49. Qf7 Ne3+ 50. Kh3 Nxc4 51. dxc4 Qc6 52. Qxf5+ Kh8 53. Qd5 1-0

[Event "Aeroflot Open Rapid Qualifier 2013"]
[Site "Moscow RUS"]
[Date "2013.02.12"]
[Round "1.14"]
[White "Tkachiev, Vladislav"]
[Black "Vlassow, Valentin"]
[Result "1-0"]
[WhiteTitle "GM"]
[BlackTitle "FM"]
[WhiteElo "2650"]
[BlackElo "2321"]
[WhiteFideId "618438"]
[BlackFideId "4164008"]
[EventDate "2013.02.12"]

1. d4 d5 2. c4 dxc4 3. e3 e5 4. Bxc4 exd4 5. exd4 Nf6 6. Nf3 Bd6 7. O-O O-O 8.
h3 h6 9. Nc3 Nc6 10. Qc2 Nb4 11. Qb1 Be6 12. Bxe6 fxe6 13. Bd2 Qe8 14. Re1 Qf7
15. Ne4 Nxe4 16. Qxe4 Rae8 17. Bxb4 Bxb4 18. Re3 c6 19. d5 Bc5 20. dxe6 Qf6 21.
Re2 Re7 22. Rae1 Rd8 23. Qc4 Bb6 24. b4 a6 25. Re5 Bc7 26. R5e3 Rd5 27. a4 Bb6
28. R3e2 Kh8 29. Re5 Rxe5 30. Rxe5 Bc7 31. Re1 Bb6 32. Qe2 Kg8 33. g3 Qc3 34.
Qe4 Qb2 35. Re2 Qa1+ 36. Kg2 Qxa4 37. Nh4 Qd1 38. Nf5 Re8 39. Nxh6+ 1-0

[Event "Aeroflot Open Rapid Qualifier 2013"]
[Site "Moscow RUS"]
[Date "2013.02.12"]
[Round "1.15"]
[White "Vavulin, Maksim"]
[Black "Zvjaginsev, Vadim"]
[Result "0-1"]
[BlackTitle "GM"]
[WhiteElo "2311"]
[BlackElo "2658"]
[WhiteFideId "4169530"]
[BlackFideId "4113403"]
[EventDate "2013.02.12"]

1. e4 d6 2. d4 Nf6 3. Nc3 g6 4. f4 Bg7 5. Nf3 O-O 6. Bd3 Na6 7. O-O c5 8. d5 Bg4
9. h3 Bxf3 10. Qxf3 Nb4 11. a3 Nxd3 12. Qxd3 a6 13. Be3 b5 14. Rad1 Nd7 15. Ne2
Bxb2 16. e5 dxe5 17. f5 c4 18. Qe4 Bxa3 19. Bh6 Re8 20. Ng3 Nf6 21. Qh4 Bd6 22.
Rf3 a5 23. Rdf1 Qb6+ 24. Kh1 Qd4 25. Qg5 e4 26. fxg6 hxg6 27. Nf5 Qxd5 28. R3f2
e3 29. Bg7 Qe5 30. g3 exf2 31. Qh6 Nh7 32. Bxe5 Bxe5 33. Nh4 Bg7 34. Qe3 a4 35.
Qxf2 Rf8 36. c3 Bxc3 37. Qc2 Bg7 38. Rb1 a3 39. Qa2 Rfb8 40. Nf3 b4 0-1

[Event "Aeroflot Open Rapid Qualifier 2013"]
[Site "Moscow RUS"]
[Date "2013.02.12"]
[Round "1.16"]
[White "Petrosian, Tigran L."]
[Black "Gagarin, Vasilij"]
[Result "0-1"]
[WhiteTitle "GM"]
[BlackTitle "IM"]
[WhiteElo "2663"]
[BlackElo "2325"]
[WhiteFideId "13301616"]
[BlackFideId "4103610"]
[EventDate "2013.02.12"]

1. e4 e5 2. Nf3 Nc6 3. Bc4 Bc5 4. b4 Bxb4 5. c3 Ba5 6. d4 exd4 7. Qb3 Qf6 8. O-O
d6 9. cxd4 Bb6 10. e5 dxe5 11. Nxe5 Nxe5 12. dxe5 Qg6 13. a4 Ne7 14. a5 Bd4 15.
Bd3 Bf5 16. Qa4+ Nc6 17. Bxf5 Qxf5 18. a6 Bxa1 19. axb7 Rb8 20. Qxc6+ Qd7 21.
Qa6 Bd4 22. e6 fxe6 23. Ba3 c5 24. Nd2 O-O 25. Ne4 Qd5 26. Re1 Rxb7 27. Qe2 Rbf7
28. Kh1 Bxf2 29. Rd1 Bd4 30. h3 Rf4 31. Nxc5 Rf2 32. Qxe6+ Qxe6 33. Nxe6 Rf1+
34. Rxf1 Rxf1+ 35. Kh2 Be5+ 36. g3 Rf2+ 37. Kg1 Bxg3 38. Bc5 Ra2 39. Kf1 a5 40.
Ng5 a4 41. Ne4 Be5 42. Nf2 Rc2 43. Nd3 Bb2 44. Bf2 a3 45. Nb4 Rc4 46. Na2 Bd4
47. Bg3 Rc2 48. Nb4 Rb2 49. Bd6 Rxb4 0-1

[Event "Aeroflot Open Rapid Qualifier 2013"]
[Site "Moscow RUS"]
[Date "2013.02.12"]
[Round "2.3"]
[White "Korobov, Anton"]
[Black "Antipov, Mikhail Al."]
[Result "1-0"]
[WhiteTitle "GM"]
[BlackTitle "IM"]
[WhiteElo "2702"]
[BlackElo "2472"]
[WhiteFideId "14105730"]
[BlackFideId "4107012"]
[EventDate "2013.02.12"]

1. d4 Nf6 2. c4 e6 3. Nc3 Bb4 4. e3 O-O 5. Bd3 b6 6. Nf3 Bb7 7. O-O d5 8. a3 Be7
9. cxd5 Nxd5 10. e4 Nxc3 11. bxc3 c5 12. Qe2 Nc6 13. Bb2 Qc7 14. d5 c4 15. Bxc4
Na5 16. Ba2 exd5 17. exd5 Bf6 18. Rfe1 Rad8 19. Rad1 Qc8 20. d6 Ba6 21. c4 Bxb2
22. Qxb2 Bxc4 23. Bb1 Qc5 24. Re5 Rxd6 25. Bxh7+ Kh8 26. Rde1 Rd5 27. Bb1 Kg8
28. h4 Nc6 29. R5e3 Ba6 30. Rc3 Qb5 31. Qc2 1-0

[Event "Aeroflot Open Rapid Qualifier 2013"]
[Site "Moscow RUS"]
[Date "2013.02.12"]
[Round "2.6"]
[White "Stupak, Kirill"]
[Black "Potkin, Vladimir"]
[Result "0-1"]
[WhiteTitle "GM"]
[BlackTitle "GM"]
[WhiteElo "2505"]
[BlackElo "2665"]
[WhiteFideId "13503758"]
[BlackFideId "4131061"]
[EventDate "2013.02.12"]

1. d4 d5 2. Nf3 Nf6 3. g3 c6 4. Bg2 Bf5 5. O-O e6 6. c4 Nbd7 7. Nc3 Be7 8. Nh4
Bg4 9. h3 Bh5 10. Qb3 Qb6 11. c5 Qa6 12. g4 Bg6 13. g5 Nh5 14. e4 dxe4 15. Nxe4
O-O 16. Be3 Rfd8 17. Rfd1 b6 18. Qc2 Rac8 19. b4 bxc5 20. Nxg6 hxg6 21. dxc5 Ne5
22. Qc3 Rxd1+ 23. Rxd1 Qe2 24. Ra1 Nf3+ 25. Kh1 Rd8 26. Bf1 Rd1 27. Rxd1 Qxd1
28. Qd3 Qa1 29. b5 Qe5 30. Ng3 Nxg3+ 31. fxg3 Qxg3 32. Qe2 Bxg5 33. Qg2 Qxg2+
34. Kxg2 Bxe3 35. Kxf3 Bxc5 36. bxc6 Bd6 37. Ke4 0-1

[Event "Aeroflot Open Rapid Qualifier 2013"]
[Site "Moscow RUS"]
[Date "2013.02.12"]
[Round "2.13"]
[White "Gordievsky, Dmitry"]
[Black "Tkachiev, Vladislav"]
[Result "1-0"]
[WhiteTitle "FM"]
[BlackTitle "GM"]
[WhiteElo "2442"]
[BlackElo "2650"]
[WhiteFideId "24112798"]
[BlackFideId "618438"]
[EventDate "2013.02.12"]

1. d4 Nf6 2. c4 g6 3. Nc3 Bg7 4. e4 d6 5. Be2 O-O 6. Bg5 a6 7. Nf3 h6 8. Be3 c5
9. dxc5 Ng4 10. Bd2 dxc5 11. h3 Nf6 12. e5 Ne8 13. O-O Nc6 14. Nd5 Nc7 15. Qc1
Kh7 16. Rd1 Nxd5 17. cxd5 Nxe5 18. Nxe5 Bxe5 19. Bxh6 Bxb2 20. Qxb2 Kxh6 21.
Rac1 Qd6 22. Rc4 f6 23. Bd3 Bd7 24. Qe2 f5 25. Qb2 Rf6 26. Qxb7 Rb8 27. Qa7 Rc8
28. Re1 Kg7 29. Rcc1 Kf8 30. Bxa6 Qc7 31. Qxc7 Rxc7 32. Bc4 Rb6 33. Rb1 Rcb7 34.
Rxb6 Rxb6 35. Rc1 Be8 36. Bd3 Rb2 37. Rxc5 Rxa2 38. Rc8 Ra5 39. Bc4 Ra1+ 40. Kh2
Rc1 41. Kg3 g5 42. Ba6 Rxc8 43. Bxc8 Bf7 44. Be6 Bg6 45. f4 gxf4+ 46. Kxf4 Kg7
47. Bxf5 Be8 48. g4 Bb5 49. h4 1-0

[Event "Aeroflot Open Rapid Qualifier 2013"]
[Site "Moscow RUS"]
[Date "2013.02.12"]
[Round "2.14"]
[White "Zvjaginsev, Vadim"]
[Black "Naumkin, Igor"]
[Result "1-0"]
[WhiteTitle "GM"]
[BlackTitle "GM"]
[WhiteElo "2658"]
[BlackElo "2495"]
[WhiteFideId "4113403"]
[BlackFideId "4101715"]
[EventDate "2013.02.12"]

1. c4 Nf6 2. Nc3 e5 3. g3 Bb4 4. Nf3 Nc6 5. Bg2 O-O 6. O-O e4 7. Ne1 Bxc3 8.
bxc3 d5 9. cxd5 Qxd5 10. f3 exf3 11. Nxf3 Qh5 12. Rb1 b6 13. Qa4 Na5 14. Rb5 Bd7
15. Rxh5 Bxa4 16. Rh4 Bc6 17. d3 Rfe8 18. e4 Rad8 19. Nd4 Bd7 20. Bg5 c5 21. Ne2
Re5 22. Bxf6 gxf6 23. Rxf6 Re6 24. Rf1 Rd6 25. Nf4 Be6 26. e5 Rxd3 27. Nxd3 Rxd3
28. Bh3 Bxh3 29. Rxh3 Nc4 30. e6 fxe6 31. Rh5 h6 32. Rxh6 Ne3 33. Re1 Kf7 34. c4
e5 35. h3 Nxc4 36. Kf2 Ra3 37. Re2 a5 38. h4 e4 39. Rxe4 Rxa2+ 40. Kg1 Rc2 41.
h5 a4 42. Rf4+ Ke7 43. Rh7+ Ke6 44. Ra7 a3 45. h6 Rc1+ 46. Rf1 1-0

[Event "Aeroflot Open Rapid Qualifier 2013"]
[Site "Moscow RUS"]
[Date "2013.02.12"]
[Round "2.15"]
[White "Potapov, Pavel"]
[Black "Mamedov, Rauf"]
[Result "0-1"]
[WhiteTitle "IM"]
[BlackTitle "GM"]
[WhiteElo "2444"]
[BlackElo "2651"]
[WhiteFideId "4169786"]
[BlackFideId "13401653"]
[EventDate "2013.02.12"]

1. e4 g6 2. d4 Bg7 3. Nc3 d6 4. g3 Nf6 5. Bg2 O-O 6. Nge2 e5 7. O-O exd4 8. Nxd4
Nbd7 9. Re1 Re8 10. a4 a6 11. h3 Rb8 12. a5 c5 13. Nb3 Ne5 14. g4 Be6 15. Bg5 h6
16. Bh4 g5 17. Bg3 Qc7 18. Na4 Rbd8 19. Nb6 Nfd7 20. Nd5 Bxd5 21. Qxd5 Nf8 22.
Nc1 Ne6 23. Ne2 Ng6 24. c3 Be5 25. Red1 Qe7 26. Rab1 Ngf4 27. Bxf4 gxf4 28. f3
Qh4 29. Kf1 Rd7 30. Qd2 h5 31. Qe1 Qf6 32. Qf2 hxg4 33. hxg4 Kg7 34. Ke1 Rh8 35.
Kd2 d5 36. Kc2 d4 37. c4 d3+ 38. Rxd3 Rxd3 39. Kxd3 Qd8+ 40. Kc2 Qxa5 41. Rh1
Qa4+ 42. Kb1 Rxh1+ 0-1

[Event "Aeroflot Open Rapid Qualifier 2013"]
[Site "Moscow RUS"]
[Date "2013.02.12"]
[Round "2.16"]
[White "Mozharov, Mikhail"]
[Black "Belov, Vladimir"]
[Result "0-1"]
[WhiteTitle "IM"]
[BlackTitle "GM"]
[WhiteElo "2510"]
[BlackElo "2641"]
[WhiteFideId "4189825"]
[BlackFideId "4132394"]
[EventDate "2013.02.12"]

1. Nf3 c5 2. c4 Nc6 3. Nc3 e5 4. e3 Nf6 5. d4 e4 6. Ne5 g6 7. Be2 Bg7 8. O-O O-O
9. Nxc6 dxc6 10. dxc5 Qa5 11. Qc2 Qxc5 12. Rd1 Re8 13. b3 h5 14. Bb2 h4 15. Qd2
Qg5 16. Qd6 Bh3 17. Bf1 Nh5 18. g3 Bxf1 19. Kxf1 Qf5 20. Ke1 Qf3 21. gxh4 Be5
22. Qd7 Nf6 23. Qd2 Qh1+ 24. Ke2 Qf3+ 25. Ke1 Rad8 26. Qe2 Qh1+ 27. Qf1 Qxh2 28.
Ke2 Qxh4 29. Qg2 Qh5+ 30. Ke1 Ng4 31. Rxd8 Rxd8 32. Rb1 Qh4 33. Ke2 Nxf2 34. Rf1
Qh5+ 0-1

[Event "Aeroflot Open Rapid Qualifier 2013"]
[Site "Moscow RUS"]
[Date "2013.02.12"]
[Round "3.3"]
[White "Oleksienko, Mikhailo"]
[Black "Kasimdzhanov, Rustam"]
[Result "1/2-1/2"]
[WhiteTitle "GM"]
[BlackTitle "GM"]
[WhiteElo "2568"]
[BlackElo "2709"]
[WhiteFideId "4152417"]
[BlackFideId "14200244"]
[EventDate "2013.02.12"]

1. e4 e5 2. Nf3 Nc6 3. Bb5 a6 4. Bxc6 dxc6 5. O-O f6 6. d4 exd4 7. Nxd4 c5 8.
Ne2 Qxd1 9. Rxd1 Bd7 10. Nbc3 O-O-O 11. Be3 Re8 12. Rd2 Bc6 13. Rad1 b6 14. a4
Ne7 15. a5 Kb7 16. Ng3 Nc8 17. axb6 Nxb6 18. b3 g6 19. Nd5 Bxd5 20. exd5 Bd6 21.
Ne2 Re4 22. Nc3 Re7 23. h3 Rhe8 24. Kf1 c4 25. Na4 cxb3 26. cxb3 Nxa4 27. bxa4
Re4 28. Rb2+ Kc8 29. Bd4 f5 30. f3 R4e7 31. Bf2 Kd7 32. Rc2 Rb8 33. Rc6 Rb2 34.
Re1 Rxe1+ 35. Bxe1 Rb6 36. Rxb6 cxb6 37. Ke2 Bc5 38. Bg3 Bd6 39. Bf2 Be5 40.
Bxb6 Kd6 41. Kd3 Kxd5 42. Bf2 Bd6 43. Bb6 Bc5 44. Ba5 Bf2 45. Bb4 Bh4 46. Ba3
Bd8 47. Bb4 Bb6 48. Ba3 Bc5 49. Bc1 Bb4 50. Be3 Bd6 51. Bb6 h5 52. Be3 Be7 53.
Bb6 Bc5 54. Ba5 Bf2 55. Bb4 Bg3 56. Ba3 g5 57. Bc1 g4 58. hxg4 fxg4 59. fxg4
hxg4 60. Be3 Bd6 61. Bb6 Bf4 62. Bf2 Bd6 1/2-1/2

[Event "Aeroflot Open Rapid Qualifier 2013"]
[Site "Moscow RUS"]
[Date "2013.02.12"]
[Round "3.4"]
[White "Potkin, Vladimir"]
[Black "Smagin, Sergey"]
[Result "0-1"]
[WhiteTitle "GM"]
[BlackTitle "GM"]
[WhiteElo "2665"]
[BlackElo "2551"]
[WhiteFideId "4131061"]
[BlackFideId "4100425"]
[EventDate "2013.02.12"]

1. c4 e6 2. Nc3 d5 3. d4 Nf6 4. cxd5 exd5 5. Bg5 c6 6. e3 Be7 7. Bd3 Nbd7 8. Qc2
Nh5 9. Bxe7 Qxe7 10. Nge2 g6 11. O-O-O Nb6 12. Kb1 Be6 13. f3 O-O-O 14. Rhe1 Kb8
15. Na4 Nxa4 16. Qxa4 Qc7 17. g3 Rhe8 18. Nc3 Nf6 19. Rc1 Qe7 20. a3 Nd7 21. Qc2
Nb6 22. b4 Qf6 23. Be2 Bf5 24. e4 dxe4 25. fxe4 Bh3 26. e5 Qf2 27. Bf1 Bf5 28.
Bd3 Bxd3 29. Qxd3 Rxd4 30. Qf1 Qxf1 31. Rxf1 Re7 32. e6 f5 33. Rce1 Nc4 34. Rd1
Kc7 35. Ka2 Rxe6 36. Rxd4 Nd6 37. a4 Re3 38. Kb2 Ne4 0-1

[Event "Aeroflot Open Rapid Qualifier 2013"]
[Site "Moscow RUS"]
[Date "2013.02.12"]
[Round "3.5"]
[White "Le, Quang Liem"]
[Black "Deviatkin, Andrei"]
[Result "1-0"]
[WhiteTitle "GM"]
[BlackTitle "GM"]
[WhiteElo "2705"]
[BlackElo "2549"]
[WhiteFideId "12401137"]
[BlackFideId "4121260"]
[EventDate "2013.02.12"]

1. Nf3 d5 2. d4 Nf6 3. c4 c6 4. e3 Bf5 5. Nc3 e6 6. Nh4 Bg6 7. Be2 Nbd7 8. Bd2
Bd6 9. g3 a6 10. O-O O-O 11. Rc1 Rc8 12. Nxg6 hxg6 13. b3 Qe7 14. Bf3 Bb4 15.
Bg2 Rfd8 16. Re1 Qf8 17. Qe2 b5 18. Red1 Nb6 19. c5 Nc4 20. Nxd5 cxd5 21. Bxb4
Qe8 22. Qc2 Rb8 23. Bc3 Na3 24. Qd3 1-0

[Event "Aeroflot Open Rapid Qualifier 2013"]
[Site "Moscow RUS"]
[Date "2013.02.12"]
[Round "3.6"]
[White "Vorobiov, Evgeny E."]
[Black "Khismatullin, Denis"]
[Result "1-0"]
[WhiteTitle "GM"]
[BlackTitle "GM"]
[WhiteElo "2584"]
[BlackElo "2655"]
[WhiteFideId "4121341"]
[BlackFideId "4142578"]
[EventDate "2013.02.12"]

1. d4 Nf6 2. c4 e6 3. Nf3 b6 4. a3 Bb7 5. Nc3 d5 6. cxd5 Nxd5 7. e3 Nd7 8. Bd3
Be7 9. e4 Nxc3 10. bxc3 c5 11. O-O Qc7 12. Qe2 O-O 13. e5 Rfd8 14. Be3 Rac8 15.
Ng5 h6 16. Ne4 Qc6 17. Qg4 f5 18. exf6 Nxf6 19. Nxf6+ Bxf6 20. Rad1 cxd4 21.
cxd4 Rd6 22. Rc1 Qd7 23. Rxc8+ Bxc8 24. Qg6 Qf7 25. Qh7+ Kf8 26. Rc1 Bd7 27. Qe4
Qh5 28. Qa8+ Ke7 29. Qxa7 Bxd4 30. Bxd4 Rxd4 31. Bf1 Qa5 32. Qc7 Rd6 33. Rb1
Qxa3 34. Rxb6 Rd1 35. Rb8 Qd3 36. Qc5+ Kf7 37. Qh5+ Ke7 38. Qc5+ Kf6 39. Rf8+
Kg6 40. h4 Qxf1+ 41. Kh2 Qd3 42. h5+ Kh7 43. f4 Qd5 44. Qc2+ Rd3 45. Qe2 Qd6 46.
Qe4+ 1-0

[Event "Aeroflot Open Rapid Qualifier 2013"]
[Site "Moscow RUS"]
[Date "2013.02.12"]
[Round "3.7"]
[White "Eljanov, Pavel"]
[Black "Levin, Evgeny A."]
[Result "1-0"]
[WhiteTitle "GM"]
[BlackTitle "GM"]
[WhiteElo "2678"]
[BlackElo "2515"]
[WhiteFideId "14102951"]
[BlackFideId "4182596"]
[EventDate "2013.02.12"]

1. d4 Nf6 2. c4 g6 3. Nc3 Bg7 4. e4 d6 5. Nf3 O-O 6. Be2 e5 7. O-O Na6 8. Re1 c6
9. Be3 exd4 10. Bxd4 Re8 11. Nd2 Nc5 12. f3 Ne6 13. Bf2 d5 14. cxd5 cxd5 15. Bb5
Bd7 16. e5 Nh5 17. Bxd7 Qxd7 18. Nc4 Nef4 19. Qd2 Rad8 20. Rad1 Qe7 21. Nd6 Qg5
22. g3 Bxe5 23. Nxe8 Rxe8 24. Nxd5 Nh3+ 25. Kg2 N5f4+ 26. Nxf4 Nxf4+ 27. Kf1 1-0

[Event "Aeroflot Open Rapid Qualifier 2013"]
[Site "Moscow RUS"]
[Date "2013.02.12"]
[Round "3.8"]
[White "Tregubov, Pavel V."]
[Black "Sasikiran, Krishnan"]
[Result "1-0"]
[WhiteTitle "GM"]
[BlackTitle "GM"]
[WhiteElo "2611"]
[BlackElo "2677"]
[WhiteFideId "4115341"]
[BlackFideId "5004985"]
[EventDate "2013.02.12"]

1. d4 Nf6 2. c4 e6 3. Nf3 b6 4. g3 Ba6 5. Nbd2 Bb7 6. Bg2 Be7 7. e4 Nxe4 8. Ne5
Bb4 9. Qg4 O-O 10. Bxe4 f5 11. Bxb7 fxg4 12. Bxa8 c6 13. O-O Qc7 14. a3 Bd6 15.
Nxg4 Na6 16. Bxc6 Qxc6 17. b4 Nc7 18. Bb2 h5 19. Ne5 Bxe5 20. dxe5 b5 21. Rac1
bxc4 22. Rxc4 Qd5 23. Rd4 Qa2 24. Bc1 Nd5 25. Ne4 Qe2 26. Bd2 h4 27. Ng5 Qxe5
28. Re4 Qb2 29. Bc1 Qc2 30. Kg2 Rxf2+ 31. Rxf2 Qxc1 32. Nh3 Qxa3 33. Rxh4 Qd3
34. Ng5 e5 35. Rh8+ 1-0

[Event "Aeroflot Open Rapid Qualifier 2013"]
[Site "Moscow RUS"]
[Date "2013.02.12"]
[Round "3.9"]
[White "Riazantsev, Alexander"]
[Black "Yilmaz, Mustafa"]
[Result "1/2-1/2"]
[WhiteTitle "GM"]
[BlackTitle "GM"]
[WhiteElo "2705"]
[BlackElo "2531"]
[WhiteFideId "4125029"]
[BlackFideId "6302718"]
[EventDate "2013.02.12"]

1. d4 Nf6 2. c4 e6 3. Nf3 c5 4. d5 d6 5. Nc3 exd5 6. cxd5 g6 7. Bf4 a6 8. a4 Bg7
9. e3 O-O 10. h3 Qe7 11. Be2 Nbd7 12. O-O Ne8 13. Re1 Rb8 14. Nd2 Ne5 15. Bh2 f5
16. a5 Nc7 17. Qb3 b5 18. axb6 Na8 19. Qc2 Rxb6 20. Bxe5 Bxe5 21. Nc4 Rb4 1/2-1/2

[Event "Aeroflot Open Rapid Qualifier 2013"]
[Site "Moscow RUS"]
[Date "2013.02.12"]
[Round "3.10"]
[White "Bukavshin, Ivan"]
[Black "Zvjaginsev, Vadim"]
[Result "1/2-1/2"]
[WhiteTitle "GM"]
[BlackTitle "GM"]
[WhiteElo "2522"]
[BlackElo "2658"]
[WhiteFideId "4199758"]
[BlackFideId "4113403"]
[EventDate "2013.02.12"]

1. Nf3 Nf6 2. c4 c5 3. Nc3 g6 4. d4 cxd4 5. Nxd4 d5 6. cxd5 Nxd5 7. Ndb5 Nxc3 8.
Qxd8+ Kxd8 9. Nxc3 Bg7 10. Bf4 Bxc3+ 11. bxc3 Nc6 12. O-O-O+ Ke8 13. e4 Be6 14.
Kb2 f6 15. Bb5 Rc8 16. Be3 Kf7 17. Ba4 Na5 18. Bb3 Nc4+ 19. Bxc4 Rxc4 20. Rd4
Rhc8 21. Rc1 R4c6 22. Ra4 a6 23. Rb4 b5 24. Rd4 Rc4 25. Rxc4 Rxc4 26. f3 g5 27.
h4 gxh4 28. Rh1 h3 29. gxh3 b4 30. Bd2 bxc3+ 31. Bxc3 Rc6 32. a4 Rb6+ 33. Kc1
Rd6 34. Rd1 Rc6 35. Kd2 Rd6+ 36. Kc1 Bxh3 37. Rxd6 exd6 38. Kd2 Ke6 39. Ke3 f5
40. a5 Bf1 41. Be1 h5 42. Bg3 Bb5 43. Kf4 Be2 44. Ke3 Bd1 45. Kf4 Kd7 46. Ke3
Kc6 47. Kf2 fxe4 48. fxe4 Kb5 49. Bxd6 Kxa5 50. Ke1 Bc2 51. Kd2 Bxe4 52. Kc1 1/2-1/2

[Event "Aeroflot Open Rapid Qualifier 2013"]
[Site "Moscow RUS"]
[Date "2013.02.12"]
[Round "3.11"]
[White "Mamedov, Rauf"]
[Black "Danielian, Oganes"]
[Result "1-0"]
[WhiteTitle "GM"]
[BlackTitle "GM"]
[WhiteElo "2651"]
[BlackElo "2530"]
[WhiteFideId "13401653"]
[BlackFideId "13300237"]
[EventDate "2013.02.12"]

1. e4 e6 2. d4 d5 3. Nd2 c5 4. Ngf3 cxd4 5. Nxd4 Nf6 6. exd5 Nxd5 7. N2f3 Be7 8.
Bd3 Nc6 9. Nxc6 bxc6 10. O-O Nb4 11. Be2 Qc7 12. a3 Nd5 13. Bd3 Bb7 14. Qe2 Nf4
15. Bxf4 Qxf4 16. Be4 O-O-O 17. b4 Bf6 18. Rab1 g5 19. b5 c5 20. Bxb7+ Kxb7 21.
g3 Qg4 22. h3 Qxh3 23. Qe4+ Rd5 24. c4 Qf5 25. Nd2 Qxe4 26. Nxe4 Rf5 27. Nd6+
Kc7 28. Nxf5 exf5 29. Rfe1 Kd6 30. b6 a6 31. b7 Kc7 32. Kg2 h5 33. Rbd1 h4 34.
gxh4 gxh4 35. Kh3 Bd4 36. Re7+ Kb8 37. Rb1 Bxf2 38. Rb6 1-0

[Event "Aeroflot Open Rapid Qualifier 2013"]
[Site "Moscow RUS"]
[Date "2013.02.12"]
[Round "3.12"]
[White "Belov, Vladimir"]
[Black "Gordievsky, Dmitry"]
[Result "1/2-1/2"]
[WhiteTitle "GM"]
[BlackTitle "FM"]
[WhiteElo "2641"]
[BlackElo "2442"]
[WhiteFideId "4132394"]
[BlackFideId "24112798"]
[EventDate "2013.02.12"]

1. e4 Nf6 2. e5 Nd5 3. d4 d6 4. c4 Nb6 5. exd6 cxd6 6. Nc3 g6 7. Be3 Bg7 8. Rc1
O-O 9. b3 Bf5 10. Nf3 Bg4 11. Be2 e6 12. d5 e5 13. O-O Na6 14. Nb5 Bxf3 15. Bxf3
f5 16. Nxd6 Qxd6 17. c5 Qf6 18. cxb6 e4 19. Be2 f4 20. Bxa6 fxe3 21. fxe3 Qxb6
22. Bc4 Qxe3+ 23. Kh1 Rxf1+ 24. Qxf1 Rf8 25. Qg1 Qxg1+ 26. Rxg1 1/2-1/2

[Event "Aeroflot Open Rapid Qualifier 2013"]
[Site "Moscow RUS"]
[Date "2013.02.12"]
[Round "3.13"]
[White "Khusnutdinov, Rustam"]
[Black "Kokarev, Dmitry"]
[Result "1/2-1/2"]
[WhiteTitle "GM"]
[BlackTitle "GM"]
[WhiteElo "2493"]
[BlackElo "2635"]
[WhiteFideId "13701703"]
[BlackFideId "4132181"]
[EventDate "2013.02.12"]

1. d4 g6 2. c4 Bg7 3. Nf3 Nf6 4. Nc3 O-O 5. Bg5 c5 6. d5 d6 7. e3 h6 8. Bh4 g5
9. Bg3 Nh5 10. Bd3 e6 11. dxe6 f5 12. Nd2 Nxg3 13. hxg3 Bxe6 14. O-O Nc6 15. f4
Qd7 16. Nf3 gxf4 17. gxf4 Rae8 18. Qd2 Kh8 19. Rad1 a6 20. b3 Rd8 21. Bb1 Qf7
22. a4 Nb4 23. Nd5 Nxd5 24. cxd5 Bd7 25. a5 Qf6 26. Rc1 Qb2 27. Qd1 Rde8 28. Re1
Kg8 29. Bd3 Rf7 30. Re2 Qf6 31. Qd2 Rfe7 32. Kf2 Bh8 33. b4 Rc8 34. bxc5 Rxc5
35. Rxc5 dxc5 36. d6 Re8 37. Bc4+ Kf8 38. g3 Qc3 39. Qa2 Re4 40. Bg8 c4 41. Bd5
Re8 42. Bxc4 Bc6 43. Bg8 Qg7 44. Bd5 Qd7 45. Bxc6 bxc6 46. Rd2 Re4 47. Qb1 Bc3
48. Qb8+ Re8 49. Qb6 Bxd2 50. Nxd2 Qxd6 51. Nf3 Rb8 52. Qxa6 Rb2+ 53. Kf1 Qd1+
54. Ne1 Qd2 55. Qc8+ Ke7 56. Qc7+ Kf8 57. Qc8+ Ke7 58. Qc7+ Kf8 1/2-1/2